Statistics for Music Decoder #2

Click here to take the quiz!

General Stats

  • This quiz has been taken 51 times
  • The average score is 7 of 15

Answer Stats

ClueAnswer% Correct
YThe Village People's best-known song? YMCA
91%
EThey want to welcome you to Hotel California Eagles, the
89%
FLordi won the Eurovision Song Contest in 2006 representing this Scandinavian country Finland
87%
HBlondie discovered that this blood-pumping organ is made of a non-crystalline, transparent solid Heart Of Glass
76%
CReal name of the rapper known by the stage names Puff Daddy or P. Diddy Combs, Sean
65%
IThe artist formerly known as Cat Stevens Islam, Yusuf
46%
MCanadian-born singer who sang "Hand In My Pocket" and "Thank U" Morissette, Alanis
46%
LTitle of The Clash's third album, released in 1979 London Calling
41%
EEnglish rock band formed in Birmingham in 1970 by Jeff Lynne and Roy Wood Electric Light Orchestra
39%
Come Fly With Me
37%
MAmerican rock singer whose albums include "Antichrist Superstar" and "The Pale Emperor" Manson, Marilyn
33%
Frank Sinatra
30%
WWill Smith album released at the turn of the new millennium Willennium
20%
T1994 hit from Celine Dion, urging her lover to reconsider before leaving Think Twice
17%
OTitle of the Muse album which featured "Plug In Baby" and "New Born" Origin Of Symmetry
15%

Score Distribution

Percentile by Number Answered

Percent of People with Each Score

Your Score History

You have not taken this quiz